000 00814nab a2200253 u 4500
001 21210
003 HDC
007 cr bn ---aaaaa
008 210307c20070815xx dr|noo 0 a eng d
040 _aHDC
100 _aCassin, Joyce
_eauthor
_918825
245 0 _aUS Country of Origin Labelling under fire from Canada / by
_cJoyce Cassin
300 _a1 online resource
336 _atext
_2rdacontent
337 _acomputer
_2rdamedia
338 _aonline resource
_2rdacarrier
650 _aBeef products
_918826
650 _alivestock
_92405
710 _aHalal Focus
856 _zRequest full-text at [email protected]
942 _2lcc
942 _cNEWS
942 _kNWSO 006513
999 _c18526
_d18526